| Поле | Инд. | ПП | Название | Значение |
|---|---|---|---|---|
| Тип записи | a | |||
| Библиографический уровень | a | |||
| 001 | Контрольный номер | d60007378d6a412caca13a337ac293d2 | ||
| 005 | Дата корректировки | 20160512082805.5 | ||
| 040 | a | Служба первич. каталог. | НБ ТвГУ | |
| b | Код языка каталог. | rus | ||
| e | Правила каталог. | PSBO | ||
| 041 | 0_ | a | Код языка текста | rus |
| 097 | b | Оператор | komarovaES | |
| 100 | 1_ | a | Автор | Замыслова Т. А. |
| 245 | 10 | a | Заглавие | Родом из Кушникова (Виктор Александрович Курочкин) |
| 260 | a | Место издания | Тверь | |
| b | Издательство | Альфа-Пресс | ||
| 520 | 0_ | a | Аннотация | Статья посвящена Виктору Александровичу Курочкину. В статье автор приводит, стихотворение посвященное Виктору Курочкину. Это стихотворение написал поэт, его друг Глеб Горбовский в ночь перед прощанием с ним. |
| 653 | 0_ | a | Ключевые слова | Курочкин Виктор Александрович |
| a | Ключевые слова | Поэт | ||
| a | Ключевые слова | Библиотека | ||
| a | Ключевые слова | Краеведение | ||
| a | Ключевые слова | Экранизация | ||
| 773 | 18 | w | Контрольный № источника | 5a2dc17c-0e6d-4d4f-8754-63ff228157d4 |
| t | Название источника | Краеведческие исследования библиотек | ||
| d | Место и дата издания | Тверь : Альфа-Пресс, 2004 | ||
| g | Прочая информация | С. 26-32 | ||
| 901 | t | Тип документа | a | |
| 920 | a | Оператор | Кома |